000 00755 a2200289 4500
260 _aParis
260 _aMilan
260 _aBarcelone
630 _a65 - Gestion et organisation de lindustrie, du commerce, de la communication et des transports
037 _b1, Achat
650 _a6 - SCIENCES APPLIQUEES
100 _aCapiez, Alain
260 _bMasson
245 _aEléments de gestion financière
300 _a266 p.
650 _aEntreprise : finance : manuel
260 _c1995
300 _b24cm
100 _lFr
037 _aDe 8452
440 _aCollection Gestion Pratique de l'Entreprise
250 _a4e éd. entièrement refondue
020 _a2-225-84638-3
440 _x0985-6641
999 _c41123
_d41123